000 00649cam a22002293a 4500
001 24490
003 PGUSA
005 20140828083526.0
008 080202s2008||||xxu|||||s|||||000 | eng d
040 _aPGUSA
_beng
042 _adc
050 4 _aDC
100 1 _aMichelet, Jules,
_d1798-1874
245 1 0 _aHistoire de France 1758-1789, (Volume 19/19)
_h[electronic resource] /
_cJules Michelet
260 _bProject Gutenberg,
_c2008
506 _aPublic domain in the USA.
516 _aElectronic text
653 _aFrance -- History
830 0 _aProject Gutenberg
_v24490
856 4 0 _uhttp://www.gutenberg.org/ebooks/24490
942 _cEB
999 _c253745
_d253745